Wallace Cleaver - Carrière - Statistiques

Statistiques générales
  • Ce quiz a été pris 13 fois
    9 depuis la dernière actualisation
  • Le résultat moyen est 50 sur 95
Statistiques - réponses
Hint Réponse % Correct
1 ...
100%
13 de rien pour la douceur
100%
11 marcel
100%
6 merci..
100%
7 merci pour la douleur
100%
4 pardon
100%
7 Cauchemar
83%
9 être moi
83%
2025 Incendie
83%
3 Jnouns
83%
8 La neige
83%
8 le bus
83%
12 le vent (feat. Mairo)
83%
2026 Pasçalavie
83%
7 plafond
83%
3 xénon
83%
4 benelli828 (feat. Django)
67%
1 çalavie
67%
10 chromé
67%
3 dans ma tête
67%
2 déconnecté
67%
1 demain
67%
8 est-ce que je l'aime ?
67%
9 Extérieur jour
67%
1 Intérieur nuit
67%
6 là bas
67%
15 La pluie
67%
14 Les grands champs
67%
6 murcielago (feat. dxvl)
67%
6 Outro
67%
2 plus rien n'est grave
67%
8 Reflet de lame
67%
5 sln vie
67%
1 144Broliques
50%
5 250yz
50%
13 39°C
50%
3 41freestyle (+??)
50%
4 45Camo
50%
12 4x22 - Freestyle
50%
2 Armata
50%
11 Bleu
50%
7 briller - Interlude
50%
8 Brun Tabac
50%
11 content
50%
9 flaque de sang
50%
6 Hors de ma vue
50%
2 ici
50%
3 La hyène
50%
2023 larousse (feat. Mairo & NeS)
50%
9 le cœur à papa (feat. Sheldon)
50%
2025 Les petites choses (feat. Oxmo Puccino)
50%
4 Miroir
50%
10 Miroir infini
50%
5 Neighbor
50%
4 On sera quoi
50%
2024 pas si mal (feat. Django)
50%
10 pleurer pour nous
50%
2023 Pourquoi (feat. Selug & $enar)
50%
4 regarde moi dans les yeux
50%
2 Sibérie
50%
16 STS51L
50%
5 xtrois
50%
2024 Zancudo [Le Règlement]
50%
2022 40 mètres (feat. Eden Dillinger)
33%
1 9Club
33%
2018 Arsène
33%
3 Blanc Cassé
33%
9 Britney Spears 2007
33%
3 Ca Connecte (feat. AnNie .Adaa)
33%
7 Dsgn (feat. Eden Dillinger)
33%
5 Encore
33%
2 Extrasystole
33%
4 Fenêtres Allumées
33%
2018 Fe.tys
33%
6 FLF
33%
1 Hexacœur
33%
2 Nausée
33%
2020 OCÉAN ROUGE (feat. Eden Dillinger)
33%
5 PH14 (feat. KuRt 20:20)
33%
2021 Préface - Live Session
33%
2023 Rats et fins d'garo (feat. Sto)
33%
10 Rooftop
33%
2021 Si j'existe (feat. Henri Bleu)
33%
2022 Vert violet (feat. Keroué)
33%
12 (Remix) Violet Cassé - Ocho Remix
33%
11 (Remix) Violet Tabac - Ocho Remix
33%
2022 w
33%
2020 CorpsCacheCoeur (feat. AnNie .Adaa)
17%
2020 Embrasse-moi
17%
2019 Grand Bleu
17%
2021 ICARE (feat. Eden Dillinger)
17%
2024 JOUR J (feat. Jolagreen23)
17%
2020 PDM
17%
2023 Technodrome (feat. Sheldon)
17%
2019 Tokyo Drift (Prs/Sln) (feat. KuRt 20:20)
0%
Aucun quiz correspondant
Distribution des résultats
% des personnes avec chaque résultat
Percentile par nombre de réponses
Votre historique - résultats
Vous n’avez pas pris ce quiz depuis la dernière actualisation